<?xml version="1.0" encoding="UTF-8"?><?xml-stylesheet type="text/xsl" href="static/style.xsl"?><OAI-PMH xmlns="http://www.openarchives.org/OAI/2.0/" xmlns:xsi="http://www.w3.org/2001/XMLSchema-instance" xsi:schemaLocation="http://www.openarchives.org/OAI/2.0/ http://www.openarchives.org/OAI/2.0/OAI-PMH.xsd"><responseDate>2026-04-17T11:42:28Z</responseDate><request verb="GetRecord" identifier="oai:www.recercat.cat:10230/52287" metadataPrefix="marc">https://recercat.cat/oai/request</request><GetRecord><record><header><identifier>oai:recercat.cat:10230/52287</identifier><datestamp>2025-12-20T20:23:54Z</datestamp><setSpec>com_2072_6</setSpec><setSpec>col_2072_452954</setSpec></header><metadata><record xmlns="http://www.loc.gov/MARC21/slim" xmlns:dcterms="http://purl.org/dc/terms/" xmlns:xsi="http://www.w3.org/2001/XMLSchema-instance" xmlns:doc="http://www.lyncode.com/xoai" xsi:schemaLocation="http://www.loc.gov/MARC21/slim http://www.loc.gov/standards/marcxml/schema/MARC21slim.xsd">
   <leader>00925njm 22002777a 4500</leader>
   <datafield ind2=" " ind1=" " tag="042">
      <subfield code="a">dc</subfield>
   </datafield>
   <datafield ind2=" " ind1=" " tag="720">
      <subfield code="a">Ouyang, Ziye</subfield>
      <subfield code="e">author</subfield>
   </datafield>
   <datafield ind2=" " ind1=" " tag="260">
      <subfield code="c">2022-01-21T16:58:56Z</subfield>
   </datafield>
   <datafield ind2=" " ind1=" " tag="260">
      <subfield code="c">2022-01-21T16:58:56Z</subfield>
   </datafield>
   <datafield ind2=" " ind1=" " tag="260">
      <subfield code="c">2021</subfield>
   </datafield>
   <datafield ind2=" " ind1=" " tag="520">
      <subfield code="a">Tutor: Cristòfol Rovira Fontanals</subfield>
   </datafield>
   <datafield ind2=" " ind1=" " tag="520">
      <subfield code="a">Treball de fi de Màster en Recerca en Comunicació Social</subfield>
   </datafield>
   <datafield ind2=" " ind1=" " tag="520">
      <subfield code="a">Este proyecto de investigación es el Trabajo Final del Máster en&#xd;
Comunicación Social de la Universitat Pompeu Fabra y es también la&#xd;
planificación de la tesis del doctorado. La investigación se enfoca en los&#xd;
fanáticos, sus ídolos y sus conflictos grupales a partir del caso de Xiao&#xd;
Zhan: un conflicto de fandom a nivel nacional en China en 2020, un caso&#xd;
que nos ha permitido estudiar los motivos de los conflictos de los fandom,&#xd;
la transmisión del poder y la comunicación de entre los fandom. Al final,&#xd;
se propondrá un modelo analítico del conflicto de fandom de ídolos para&#xd;
estudios posteriores.&#xd;
Este estudio utilizará un método de investigación mixto, es decir,&#xd;
métodos cualitativo y cuantitativo, combinando técnicas específicas&#xd;
como el análisis de contenido, las entrevistas en profundidad y la&#xd;
observación participante, para extraer algunas conclusiones&#xd;
preliminares que sirvan de apoyo a posteriores investigaciones.</subfield>
   </datafield>
   <datafield ind2=" " ind1=" " tag="520">
      <subfield code="a">This research project is the Final Project of the Master&amp;apos;s Degree in Social&#xd;
Communication at Universitat Pompeu Fabra and will form as the PhD&#xd;
thesis planning. The research focuses on idol fans and their group&#xd;
conflicts from the case of Xiao Zhan: a nationwide fandom conflict in&#xd;
China in 2020, to study the motives of fandom conflicts, power&#xd;
transmission and fandom communication. In the end, it will try to&#xd;
propose an analytical model of idol fandom conflict for further studies.&#xd;
For the methodology, this study will use a mixed research method, i.e.,&#xd;
qualitative and quantitative methods, combining specific techniques&#xd;
such as content analysis, in-depth interviews and participant&#xd;
observation, to draw some preliminary conclusions to support further&#xd;
research</subfield>
   </datafield>
   <datafield ind2="0" ind1="0" tag="245">
      <subfield code="a">Unión, división y confrontación:&#xd;
un estudio de los comportamientos&#xd;
grupales de fandom de ídolos a partir del&#xd;
caso de Xiao Zhan</subfield>
   </datafield>
</record></metadata></record></GetRecord></OAI-PMH>